[Event "Prague Pankrac Cup"]
[Site "Prague"]
[Date "2017.10.31"]
[Round "7"]
[White "Postupa, Pavel1111"]
[Black "Vavra, Pavel"]
[Result "1-0"]
[WhiteElo "2244"]
[BlackElo "2365"]
[PlyCount "103"]
[EventDate "2017.09.19"]
[EventType "swiss"]
[EventRounds "7"]
[EventCountry "CZE"]
[SourceTitle "EXT 2019"]
[Source "ChessBase"]
[SourceDate "2018.10.10"]
[SourceVersion "1"]
[SourceVersionDate "2018.10.10"]
[SourceQuality "1"]

1. e4 e6 2. d4 d5 3. Nd2 Be7 4. Bd3 c5 5. dxc5 Nf6 6. Qe2 0-0 7. Ngf3 a5 8. a4 Na6 9. e5 Nd7 10. 0-0 Nb4 11. Nb3 Nxd3 12. cxd3 Nxc5 13. Nxc5 Bxc5 14. Bg5 f6 15. exf6 gxf6 16. Bh6 Rf7 17. d4 Bd6 18. Rfd1 Bd7 19. b3 Qe7 20. Qd2 Bc6 21. Rac1 Qc7 22. Qe2 Re8 23. g3 Bf8 24. Bxf8 Kxf8 25. Re1 Qd6 26. Qb2 b6 27. Rc3 Bd7 28. Rec1 Kg7 29. Rc7 Ree7 30. R1c3 Be8 31. Rc8 Bd7 32. Rd8 Re8 33. Rxe8 Bxe8 34. Qc2 Rb7 35. Nh4 Qb4 36. Rc8 Bd7 37. Rc7 Rxc7 38. Qxc7 Qe7 39. Qxb6 e5 40. Qxa5 exd4 41. Qxd5 Qe6 42. Qxe6 Bxe6 43. b4 Kf7 44. Nf3 d3 45. Nd2 Bd7 46. b5 Ke6 47. f3 Kd5 48. Kf2 Kd4 49. g4 f5 50. b6 Bc8 51. gxf5 Ke5 52. Ke3 1-0